Về nghệ thuật chèo Q.1 Về nghệ thuật chèo

Giới thiệu nguồn gốc và thời điểm thành hình chèo truyền thống; nguồn gốc dân gian của chèo; quá trình chuyển hoá, phát triển của chèo sân đình

Сохранить в:
Библиографические подробности
Главный автор: Trần Việt Ngữ
Формат:
Язык:Vietnamese
Опубликовано: H. Khoa học xã hội 2015
Предметы:
Метки: Добавить метку
Нет меток, Требуется 1-ая метка записи!
Thư viện lưu trữ: Mạng thư viện Đại học Đà Nẵng
LEADER 01622aam a22003738a 4500
001 000023722
003 20175
005 20160115150108.0
008 160115s2015 viesd
020 |d 2000b 
041 0 |a vie 
082 0 4 |2 23  |a 792.509597  |b TR-N 
100 1 |a Trần Việt Ngữ 
245 1 0 |a Về nghệ thuật chèo  |c Trần Việt Ngữ  |n Q.1  |p Về nghệ thuật chèo 
260 |a H.  |b Khoa học xã hội  |c 2015 
300 |a 406 tr.  |c 21 cm. 
500 |a ĐTTS ghi: Hội Văn nghệ dân gian Việt Nam 
520 |a Giới thiệu nguồn gốc và thời điểm thành hình chèo truyền thống; nguồn gốc dân gian của chèo; quá trình chuyển hoá, phát triển của chèo sân đình 
650 0 4 |2 Bộ TK TVQG  |a Nghệ thuật truyền thống  |x Nghiên cứu 
650 0 4 |2 Bộ TK TVQG  |a Chèo (Nghệ thuật) 
651 7 |2 Bộ TK TVQG  |a Việt Nam 
653 |a Chèo 
773 |a Trần Việt Ngữ  |d H.  |d Khoa học xã hội  |d 2015  |n ĐTTS ghi: Hội Văn nghệ dân gian Việt Nam  |t Về nghệ thuật chèo  |w 666230 
773 |d Khoa học xã hội  |d H.  |d 2015  |t Về nghệ thuật chèo  |w 20174 
OWN |a LSP 
AVA |a UDN50  |b LSP  |d 792.509597 TR-N  |e available  |t Error 5001 Not defined in file expand_doc_bib_avail.  |f 1  |g 0  |h N  |i 0  |k 1 
999 |a From the UDN01 
AVA |a UDN50  |b LSP  |d 792.509597 TR-N  |e available  |t Error 5001 Not defined in file expand_doc_bib_avail.  |f 1  |g 0  |h N  |i 0  |k 1 
TYP |a Monograph 
TYP |a Printed language 
980 |a Mạng thư viện Đại học Đà Nẵng